| 000 | 00792nam a22002537a 4500 | ||
|---|---|---|---|
| 001 | 103206 | ||
| 003 | UA-OsUOA | ||
| 005 | 20220413214534.0 | ||
| 007 | ta | ||
| 008 | 20131018b un ||||| |||| 00| 0 ukr d | ||
| 020 | _a9665381482 | ||
| 040 |
_aUA-OsUOA _bukr _cUA-OsUOA _dUA-OsUOA |
||
| 041 | _aukr | ||
| 080 | _a323(477)+327(4) | ||
| 090 |
_a323(477)+327(4) _bМ69 |
||
| 100 | _aМихальченко М. І. | ||
| 245 |
_aУкраїна як нова історична реальність: запасний гравець Європи _bмонографія |
||
| 260 |
_aДрогобич _bВідродження _c2004 |
||
| 300 | _a488 с. | ||
| 650 | 7 |
_a32 Політика _2UDC |
|
| 942 |
_cBK _2udc |
||
| 955 | _a1 | ||
| 999 |
_c389464 _d389464 |
||